000 00320nam a2200133Ia 4500
008 191201s2009 xx 000 0 und d
100 _aSILBERSCHATZ, Abraham
245 0 _aOperating Systems Concepts
250 _a8th ,Rep
260 _c2009
_bWiley India
_aN. delhi
300 _a972
650 _aCSE
942 _2ddc
_cBB
999 _c7335
_d7335